| 000 | 00864nam a2200241Ia 4500 | ||
|---|---|---|---|
| 003 | OSt | ||
| 005 | 20220923224603.0 | ||
| 006 | a|||||r|||| 00| 0 | ||
| 007 | ta | ||
| 008 | 220922b |||||||| |||| 00| 0 pan d | ||
| 020 | _c230 | ||
| 024 | _a243,931 | ||
| 037 |
_b329, 08/10/2010, H.K. Prakashan _cTextual |
||
| 040 |
_aARTS _cARTS _bpan |
||
| 041 |
_2pan _apan |
||
| 082 | _aT:3(P153), 153P8 | ||
| 100 |
_aਡੌਲੀ, ਐਚ. ਕੇ.; ਡਿੰਪਲ, ਐਚ. ਐਮ. _9168113 |
||
| 245 | 0 | _aਪੰਜਾਬੀ ਭਾFਾ ਦਾ ਅਧਿਆਪਨ | |
| 260 |
_aਲੁਧਿਆਣਾ _b ਗੁਰੂਸਰ ਬੁੱਕ ਡਿਪੋ _c2008 |
||
| 300 |
_a530ਪੰ _ccm. |
||
| 942 |
_hT:3(P153), 153P8 _cTEXL _2CC |
||
| 999 |
_c372364 _d372364 |
||